000
00312nam a22001337a 4500
008
180814b xxu||||| |||| 00| 0 eng d
020
_a
9780205626267
041
_a
eng
080
_a
311
100
_a
55
101
_a
STA
245
_a
STASTISTICS CONCEPTS BEHAVIORAL SCIENCES
_c
KIESS.H.O
942
_2
udc
_c
BK
999
_c
47105
_d
47105